Huxley and education ; address at the opening of the college year, Columbia university, September 28, 1910 /

Bibliographic Details
Main Author: Osborn, Henry Fairfield, 1857-1935
Format: Book
Language:English
Published: New York : Charles Scribner's sons, 1910.
Subjects:

MARC

Tag First Indicator Second Indicator Subfields
LEADER 00000cam a2200000 4500
001 in00000074349
005 20151008052558.0
008 761208s1910 nyu 00000 eng
010 |a  11000824  
035 |a (OCoLC)02607243 
035 |9 AAH3968AM 
040 |a DLC  |c OHI  |d TXA  |d UtOrBLW 
049 |a TXAM  |c [20455] 
050 0 |a LB41  |b .O8 
092 |a 370.1  |b O81h 
100 1 |a Osborn, Henry Fairfield,  |d 1857-1935. 
245 1 0 |a Huxley and education ;  |b address at the opening of the college year, Columbia university, September 28, 1910 /  |c by Henry Fairfield Osborn ... 
264 1 |a New York :  |b Charles Scribner's sons,  |c 1910. 
300 |a 45 pages ;  |c 19 1/2 cm. 
336 |a text  |b txt  |2 rdacontent 
337 |a unmediated  |b n  |2 rdamedia 
338 |a volume  |b nc  |2 rdacarrier 
600 1 0 |a Huxley, Thomas Henry,  |d 1825-1895. 
650 0 |a Education. 
999 |a MARS 
999 f f |s f0b9999b-69ab-334c-b7fa-42f82cab131d  |i 3bb0252c-6ae4-3ffb-874a-a592ea1851d0  |t 0 
952 f f |p ric  |a Texas A&M University  |b Rellis Campus  |c Joint Library Facility  |d Remote Storage  |t 0  |e LB41 .O8  |h Library of Congress classification  |i unmediated -- volume  |m A14800819375 
998 f f |a LB41 .O8  |t 0  |l Remote Storage